| 000 | 00612nam a2200181 i 4500 | ||
|---|---|---|---|
| 001 | 89524 | ||
| 003 | ES-MaACL | ||
| 005 | 20230906180217.0 | ||
| 007 | t| | ||
| 008 | 050111s1961 sp ||||1| spa d | ||
| 100 | 1 |
_aLasheras Medina, Arsenio. _970439 |
|
| 245 | 1 | 0 |
_aMatemáticas _b: curso selectivo para ingreso en las Escuelas Técnicas Superiores / _cArsenio Lasheras Medina. |
| 260 |
_a[Madrid : _bs.n., _c1961] |
||
| 300 |
_a2 t. en 1 v. : _bil. ; _c26 cm. |
||
| 500 | _aPrecede al tít.: Academia General del Aire. | ||
| 710 | 2 |
_aAcademia General del Aire. _91198 |
|
| 852 |
_aES-MaACL _jB-13877 _bR.48716 |
||
| 999 |
_c89524 _d89524 |
||